Vista normal
Vista MARC
Entrada Topical Term
Número de registros utilizados en: 1
001 - CONTROL NUMBER
- control field: 39648
003 - CONTROL NUMBER IDENTIFIER
- control field: OSt
005 - DATE AND TIME OF LATEST TRANSACTION
- control field: 20230915232117.0
008 - FIXED-LENGTH DATA ELEMENTS
- fixed length control field: 230915|| aca||aabn | a|a d
040 ## - CATALOGING SOURCE
- Original cataloging agency: OSt
- Transcribing agency: OSt
150 ## - HEADING--TOPICAL TERM
- Topical term or geographic name entry element: MATEMATICAS - ENSEÑANZA - COLOMBIA
670 ## - SOURCE DATA FOUND
- Source citation: Work cat.: (OSt)23278: Poveda Ramos, Gabriel, 1931 - 39647, Historia de las matemáticas en Colombia / , 2012